[Event "DEM U12 2017"]
[Site "Willingen GER"]
[Date "2017.06.07"]
[Round "6"]
[White "Simukov, Erik"]
[Black "Bethke, Richard"]
[Result "0-1"]
[Termination "normal"]
[Board "9"]
[WhiteElo "1719"]
[BlackElo "2223"]
[WhiteClock "00:04:22"]
[BlackClock "00:17:58"]
[PlyCount "108"]
[WhiteFideId "12995380"]
[BlackFideId "12959243"]
[EventCountry "GER"]
[EventRounds "11"]
[EventType "swiss"]
[EventDate "2017.06.03"]

1. e4 {[%clk 1:15:52]} 1... c5 {[%clk 1:15:53]} 2. Nc3 {[%clk 1:15:51]} 2...
Nc6 {[%clk 1:16:08]} 3. Bb5 {[%clk 1:16:01]} 3... Nd4 {[%clk 1:16:22]} 4. Bc4 {
[%clk 1:16:06]} 4... g6 {[%clk 1:15:10]} 5. Nge2 {[%clk 1:13:58]} 5... Bg7 {
[%clk 1:14:31]} 6. Nxd4 {[%clk 1:14:14]} 6... cxd4 {[%clk 1:14:17]} 7. Qf3 {
[%clk 1:14:12]} 7... Nf6 {[%clk 1:09:16]} 8. Nb5 {[%clk 1:13:58]} 8... a6 {
[%clk 1:06:36]} 9. Nxd4 {[%clk 1:12:29]} 9... Qc7 {[%clk 1:06:39]} 10. d3 {
[%clk 1:12:38]} 10... h5 {[%clk 0:54:31]} 11. c3 {[%clk 1:10:27]} 11... e5 {
[%clk 0:52:58]} 12. Ne2 {[%clk 0:45:08]} 12... d6 {[%clk 0:44:24]} 13. h3 {
[%clk 0:44:51]} 13... Ke7 {[%clk 0:42:50]} 14. Bg5 {[%clk 0:41:36]} 14... Qb6 {
[%clk 0:41:30]} 15. O-O {[%clk 0:26:53]} 15... Be6 {[%clk 0:36:55]} 16. Bd5 {
[%clk 0:24:35]} 16... Bxd5 {[%clk 0:35:08]} 17. exd5 17... h4 {[%clk 0:34:52]}
18. c4 {[%clk 0:24:32]} 18... Rh5 {[%clk 0:34:51]} 19. Qe3 {[%clk 0:21:14]}
19... Qxe3 {[%clk 0:32:41]} 20. Bxe3 {[%clk 0:21:32]} 20... Nd7 {[%clk 0:32:32]
} 21. Nc3 {[%clk 0:20:49]} 21... f5 {[%clk 0:32:04]} 22. f3 {[%clk 0:20:25]}
22... Rb8 {[%clk 0:29:18]} 23. a4 {[%clk 0:18:56]} 23... b6 {[%clk 0:29:08]}
24. Rfd1 {[%clk 0:14:14]} 24... g5 {[%clk 0:23:08]} 25. Ra3 {[%clk 0:13:45]}
25... Bf6 {[%clk 0:22:52]} 26. b4 {[%clk 0:12:53]} 26... Rhh8 {[%clk 0:22:46]}
27. Rb1 {[%clk 0:12:47]} 27... Rb7 {[%clk 0:21:52]} 28. Rab3 {[%clk 0:12:03]}
28... Rhb8 {[%clk 0:19:55]} 29. Ne2 {[%clk 0:11:52]} 29... Kf7 {[%clk 0:19:04]}
30. Kf1 {[%clk 0:10:39]} 30... Kg6 {[%clk 0:18:23]} 31. Bf2 {[%clk 0:05:48]}
31... Bd8 {[%clk 0:16:50]} 32. d4 {[%clk 0:04:45]} 32... Bf6 {[%clk 0:13:27]}
33. dxe5 {[%clk 0:01:47]} 33... Nxe5 {[%clk 0:13:45]} 34. Rc1 {[%clk 0:01:58]}
34... Rc8 {[%clk 0:14:05]} 35. Bd4 {[%clk 0:00:56]} 35... Rxc4 {[%clk 0:12:46]}
36. Rxc4 {[%clk 0:01:22]} 36... Nxc4 {[%clk 0:13:12]} 37. Bxf6 {[%clk 0:01:42]}
37... Nd2+ {[%clk 0:13:35]} 38. Kf2 {[%clk 0:01:54]} 38... Nxb3 {[%clk 0:13:59]
} 39. Bc3 {[%clk 0:02:10]} 39... Rc7 {[%clk 0:13:47]} 40. Ke1 {[%clk 0:02:33]}
40... Nc1 {[%clk 0:14:00]} 41. Bd4 {[%clk 0:02:20]} 41... Nxe2 {[%clk 0:14:09]}
42. Kxe2 {[%clk 0:02:47]} 42... Rc4 {[%clk 0:14:21]} 43. Bxb6 {[%clk 0:02:52]}
43... Rxb4 {[%clk 0:14:45]} 44. a5 {[%clk 0:03:14]} 44... Rb5 {[%clk 0:15:11]}
45. Kd3 {[%clk 0:03:13]} 45... Rxd5+ {[%clk 0:15:29]} 46. Kc4 {[%clk 0:03:41]}
46... Rd2 {[%clk 0:15:37]} 47. Ba7 {[%clk 0:02:32]} 47... Rxg2 {[%clk 0:15:54]}
48. Kd5 {[%clk 0:02:58]} 48... Rg3 {[%clk 0:15:53]} 49. Kxd6 {[%clk 0:03:20]}
49... Rxh3 {[%clk 0:16:16]} 50. Kc6 {[%clk 0:03:48]} 50... Rxf3 {[%clk 0:16:25]
} 51. Kb6 {[%clk 0:03:59]} 51... h3 {[%clk 0:16:49]} 52. Bb8 {[%clk 0:03:35]}
52... Rb3+ {[%clk 0:17:11]} 53. Ka7 {[%clk 0:03:57]} 53... Rxb8 {[%clk 0:17:34]
} 54. Kxb8 {[%clk 0:04:22]} 54... h2 {[%clk 0:17:58]} 0-1

[Event "DEM U12 2017"]
[Site "Willingen GER"]
[Date "2017.06.07"]
[Round "6"]
[White "Neuber, Pascal"]
[Black "Morgenstern, Tobias"]
[Result "0-1"]
[Termination "normal"]
[Board "11"]
[WhiteElo "1632"]
[BlackElo "1418"]
[WhiteClock "00:05:44"]
[BlackClock "00:14:33"]
[PlyCount "56"]
[WhiteFideId "16227611"]
[BlackFideId "12974390"]
[EventCountry "GER"]
[EventRounds "11"]
[EventType "swiss"]
[EventDate "2017.06.03"]

1. e4 {[%clk 1:15:57]} 1... e5 {[%clk 1:15:44]} 2. Nc3 {[%clk 1:16:21]} 2...
Nf6 {[%clk 1:11:06]} 3. f4 {[%clk 1:16:49]} 3... d6 {[%clk 1:11:15]} 4. Nf3 {
[%clk 1:16:28]} 4... Bg4 {[%clk 1:09:33]} 5. Bc4 {[%clk 1:13:15]} 5... Nc6 {
[%clk 1:08:37]} 6. O-O {[%clk 1:09:54]} 6... Qd7 {[%clk 1:04:48]} 7. h3 { [%clk
0:59:14]} 7... Bxf3 {[%clk 1:01:07]} 8. Rxf3 {[%clk 0:59:01]} 8... O-O-O {[%clk
0:59:57]} 9. b4 {[%clk 0:53:25]} 9... Nd4 {[%clk 0:59:38]} 10. Rf1 { [%clk
0:51:37]} 10... h6 {[%clk 0:51:50]} 11. fxe5 {[%clk 0:42:47]} 11... dxe5 {[%clk
0:52:04]} 12. Nd5 {[%clk 0:41:08]} 12... Kb8 {[%clk 0:43:22]} 13. c3 { [%clk
0:38:38]} 13... Nxd5 {[%clk 0:42:49]} 14. Bxd5 {[%clk 0:37:42]} 14... Ne6
{[%clk 0:42:29]} 15. b5 {[%clk 0:23:41]} 15... Bc5+ {[%clk 0:41:12]} 16. Kh2 {
[%clk 0:22:41]} 16... Nf4 {[%clk 0:40:54]} 17. d4 {[%clk 0:21:51]} 17... Nxd5 {
[%clk 0:41:06]} 18. exd5 {[%clk 0:18:36]} 18... exd4 {[%clk 0:41:21]} 19. c4 {
[%clk 0:13:44]} 19... g5 {[%clk 0:37:49]} 20. Bb2 {[%clk 0:13:11]} 20... Rhg8 {
[%clk 0:33:19]} 21. Bxd4 {[%clk 0:12:43]} 21... Bxd4 {[%clk 0:33:29]} 22. Qxd4
{[%clk 0:13:07]} 22... g4 {[%clk 0:33:39]} 23. h4 {[%clk 0:13:12]} 23... g3+ {
[%clk 0:28:14]} 24. Kg1 {[%clk 0:13:37]} 24... Rde8 {[%clk 0:27:06]} 25. Rae1 {
[%clk 0:12:04]} 25... b6 {[%clk 0:20:51]} 26. Qf6 {[%clk 0:09:21]} 26... Qg4 {
[%clk 0:16:30]} 27. Qxf7 {[%clk 0:05:32]} 27... Qd4+ {[%clk 0:14:12]} 28. Kh1 {
[%clk 0:05:44]} 28... Qxh4+ {[%clk 0:14:33]} 0-1

[Event "DEM U12 2017"]
[Site "Willingen GER"]
[Date "2017.06.07"]
[Round "6"]
[White "Milare, Tyron"]
[Black "Schauties, Nico Antonio"]
[Result "1-0"]
[Termination "normal"]
[Board "12"]
[WhiteElo "1780"]
[BlackElo "1711"]
[WhiteClock "00:35:55"]
[BlackClock "00:17:50"]
[PlyCount "51"]
[WhiteFideId "12987018"]
[BlackFideId "16206371"]
[EventCountry "GER"]
[EventRounds "11"]
[EventType "swiss"]
[EventDate "2017.06.03"]

1. d4 {[%clk 1:15:57]} 1... d5 {[%clk 1:15:47]} 2. Nf3 {[%clk 1:16:15]} 2... e6
{[%clk 1:16:10]} 3. c4 {[%clk 1:16:35]} 3... c6 {[%clk 1:16:33]} 4. Bg5 { [%clk
1:16:30]} 4... f6 {[%clk 1:15:23]} 5. Bd2 {[%clk 1:16:39]} 5... dxc4 { [%clk
1:15:33]} 6. e4 {[%clk 1:16:46]} 6... b5 {[%clk 1:15:23]} 7. a4 { [%clk
1:16:35]} 7... a6 {[%clk 1:15:37]} 8. axb5 {[%clk 1:16:45]} 8... cxb5 { [%clk
1:15:58]} 9. b3 {[%clk 1:17:09]} 9... a5 {[%clk 1:14:51]} 10. bxc4 { [%clk
1:15:48]} 10... b4 {[%clk 1:15:10]} 11. c5 {[%clk 1:12:52]} 11... Bb7 { [%clk
1:10:17]} 12. Bb5+ {[%clk 1:10:23]} 12... Bc6 {[%clk 1:10:03]} 13. Bd3 { [%clk
1:05:32]} 13... Ne7 {[%clk 1:10:01]} 14. O-O {[%clk 1:04:33]} 14... g6 { [%clk
1:05:38]} 15. Re1 {[%clk 1:00:35]} 15... Bg7 {[%clk 1:01:01]} 16. Qb3 { [%clk
1:00:26]} 16... Nd7 {[%clk 0:49:40]} 17. Be3 {[%clk 0:56:09]} 17... f5 { [%clk
0:48:33]} 18. Ng5 {[%clk 0:55:48]} 18... Nf8 {[%clk 0:44:38]} 19. Bc4 { [%clk
0:51:05]} 19... fxe4 {[%clk 0:43:11]} 20. Nd2 {[%clk 0:43:54]} 20... Nd5 {[%clk
0:40:45]} 21. Ndxe4 {[%clk 0:43:27]} 21... a4 {[%clk 0:40:45]} 22. Qa2 { [%clk
0:41:24]} 22... b3 {[%clk 0:40:36]} 23. Qe2 {[%clk 0:41:29]} 23... Qd7 { [%clk
0:29:29]} 24. Nd6+ {[%clk 0:39:30]} 24... Ke7 {[%clk 0:28:43]} 25. Nge4 { [%clk
0:36:56]} 25... Rb8 {[%clk 0:17:50]} 26. Bxd5 {[%clk 0:35:55]} 1-0

[Event "DEM U12 2017"]
[Site "Willingen GER"]
[Date "2017.06.07"]
[Round "6"]
[White "Eilenberg, Jonas"]
[Black "Müller, Magnus"]
[Result "1-0"]
[Termination "normal"]
[Board "13"]
[WhiteElo "1650"]
[BlackElo "1599"]
[PlyCount "53"]
[WhiteFideId "16204271"]
[BlackFideId "16230060"]
[EventCountry "GER"]
[EventRounds "11"]
[EventType "swiss"]
[EventDate "2017.06.03"]

1. d4 Nf6 2. c4 e6 3. Nc3 Bb4 4. e3 O-O 5. Bd3 c5 6. Nf3 d5 7. O-O Nc6 8. cxd5
exd5 9. dxc5 Bxc5 10. h3 Re8 11. b3 Ne4 12. Bb2 Ng5 13. Rc1 Nxf3+ 14. Qxf3 Ne5
15. Qe2 d4 16. Na4 b6 17. Nxc5 bxc5 18. Rxc5 a5 19. Bxd4 Nxd3 20. Qxd3 Ba6 21.
Qf5 Bxf1 22. Qg4 f6 23. Kxf1 Rc8 24. Bxf6 Qxf6 25. Rxc8 Qa6+ 26. Qc4+ Qxc4+ 27.
Rxc4 1-0

[Event "DEM U12 2017"]
[Site "Willingen GER"]
[Date "2017.06.07"]
[Round "6"]
[White "Kosev, Momchil"]
[Black "Schubert, Nikita"]
[Result "1/2-1/2"]
[Termination "normal"]
[Board "14"]
[WhiteElo "1757"]
[BlackElo "1788"]
[PlyCount "43"]
[WhiteFideId "12975982"]
[BlackFideId "16212339"]
[EventCountry "GER"]
[EventRounds "11"]
[EventType "swiss"]
[EventDate "2017.06.03"]

1. d4 Nf6 2. Bf4 e6 3. e3 c5 4. c3 Nc6 5. h3 b6 6. Nf3 Bb7 7. Bd3 Be7 8. Nbd2
cxd4 9. exd4 d6 10. O-O O-O 11. Re1 Qc7 12. Bh2 Rfe8 13. Rc1 Rad8 14. Qc2 h6
15. Qb1 Bf8 16. Ne4 Nxe4 17. Bxe4 Nb8 18. Bxb7 Qxb7 19. Re2 Nd7 20. Rce1 Nf6
21. Qd3 Rc8 22. Nd2 1/2-1/2

[Event "DEM U12 2017"]
[Site "Willingen GER"]
[Date "2017.06.07"]
[Round "6"]
[White "Mailitis, Ricardo"]
[Black "Stockmann, Till"]
[Result "0-1"]
[Termination "normal"]
[Board "15"]
[WhiteElo "1633"]
[BlackElo "1724"]
[PlyCount "40"]
[WhiteFideId "12977535"]
[BlackFideId "12979341"]
[EventCountry "GER"]
[EventRounds "11"]
[EventType "swiss"]
[EventDate "2017.06.03"]

1. e4 c5 2. Nf3 Nc6 3. c4 Nf6 4. Nc3 e6 5. Be2 d5 6. exd5 exd5 7. d4 Be6 8. Bg5
Nxd4 9. Bxf6 gxf6 10. cxd5 Bxd5 11. Nxd4 cxd4 12. Qxd4 Bxg2 13. Qa4+ Bc6 14.
Bb5 Qe7+ 15. Kd2 O-O-O+ 16. Kc2 Bxh1 17. Rxh1 Kb8 18. Qf4+ Qe5 19. Qc4 Rc8 20.
Qb3 Qe4+ 0-1

[Event "DEM U12 2017"]
[Site "Willingen GER"]
[Date "2017.06.07"]
[Round "6"]
[White "Marschall, Tillmann"]
[Black "Breß, Aaron"]
[Result "1/2-1/2"]
[Termination "normal"]
[Board "17"]
[WhiteElo "1613"]
[BlackElo "1745"]
[PlyCount "101"]
[WhiteFideId "12973220"]
[BlackFideId "12996432"]
[EventCountry "GER"]
[EventRounds "11"]
[EventType "swiss"]
[EventDate "2017.06.03"]

1. e4 c6 2. d4 d5 3. Nc3 dxe4 4. Nxe4 Bf5 5. Ng3 Bg6 6. h4 h6 7. h5 Bh7 8. Nf3
Nd7 9. Bd3 Bxd3 10. Qxd3 e6 11. Bf4 Qa5+ 12. Bd2 Qc7 13. O-O-O Ngf6 14. Ne4
Nxe4 15. Qxe4 Nf6 16. Qe2 O-O-O 17. Rh4 Bd6 18. Kb1 Kb8 19. c4 c5 20. Bc3 Rhe8
21. Ne5 Ka8 22. f4 a6 23. b3 cxd4 24. Bxd4 Ba3 25. g4 Rd6 26. Rh3 Red8 27. Rhd3
a5 28. g5 Nh7 29. g6 fxg6 30. hxg6 Nf6 31. Nf7 Rxd4 32. Rxd4 Rxd4 33. Rxd4 Qc6
34. Nd8 Qh1+ 35. Rd1 Qh3 36. Nxe6 Qf5+ 37. Rd3 Ne4 38. Kc2 Qxe6 39. Re3 Qf6 40.
Rxe4 Qb2+ 41. Kd3 Qb1+ 42. Kd4 Qg1+ 43. Kd3 Qb1+ 44. Kd4 Qg1+ 45. Kd5 Qc5+ 46.
Ke6 Qc8+ 47. Ke5 Qc5+ 48. Ke6 Qc8+ 49. Kd5 Qc5+ 50. Ke6 Qc8+ 51. Kd5 1/2-1/2

[Event "DEM U12 2017"]
[Site "Willingen GER"]
[Date "2017.06.07"]
[Round "6"]
[White "Farokhi, Keyvan"]
[Black "Sinnhöfer, Joshua"]
[Result "1/2-1/2"]
[Termination "normal"]
[Board "18"]
[WhiteElo "1735"]
[BlackElo "1540"]
[PlyCount "213"]
[WhiteFideId "12998630"]
[BlackFideId "16201361"]
[EventCountry "GER"]
[EventRounds "11"]
[EventType "swiss"]
[EventDate "2017.06.03"]

1. e4 e5 2. Nf3 Nc6 3. Bb5 a6 4. Ba4 Nf6 5. O-O Be7 6. Re1 d6 7. d4 b5 8. dxe5
dxe5 9. Qxd8+ Bxd8 10. Bb3 O-O 11. Nc3 Bb7 12. a4 b4 13. Nd5 h6 14. a5 Re8 15.
Bd2 Nd7 16. Nxb4 Nc5 17. Bd5 Nxb4 18. Bxb4 Bxd5 19. exd5 Nd7 20. Bc3 e4 21. Nd2
f5 22. f3 e3 23. Nf1 f4 24. g3 g5 25. Ra4 e2 26. Nd2 Nf6 27. Bxf6 Bxf6 28. c3
Rab8 29. Ne4 Be5 30. Rxe2 fxg3 31. hxg3 Rb5 32. Nf6+ Bxf6 33. Rxe8+ Kf7 34. Re2
Rxd5 35. Rc4 Be5 36. f4 gxf4 37. gxf4 Bd6 38. b4 Rf5 39. Ree4 h5 40. Rc6 Bxf4
41. Rxa6 h4 42. Kg2 Bg3 43. Kh3 Rf3 44. Kg2 Rxc3 45. Rd4 h3+ 46. Kf1 Rc1+ 47.
Ke2 h2 48. Rd7+ Ke8 49. Rg7 h1=Q 50. Ra8+ Qxa8 51. Rg8+ Kd7 52. Rxa8 Rb1 53.
Rg8 Bd6 54. a6 Rxb4 55. a7 Ra4 56. a8=Q Rxa8 57. Rxa8 Kc6 58. Kd3 Kd5 59. Ra5+
c5 60. Ra8 c4+ 61. Kc2 Bb4 62. Rd8+ Bd6 63. Kc3 Ke6 64. Kxc4 Ke7 65. Ra8 Bh2
66. Ra6 Kd7 67. Kd5 Ke7 68. Rh6 Bg3 69. Ke4 Kf7 70. Kf5 Be1 71. Rh7+ Kf8 72.
Ke6 Bc3 73. Rc7 Ba1 74. Kd5 Kg8 75. Ke4 Kf8 76. Rb7 Bc3 77. Kf5 Ba1 78. Rc7 Bb2
79. Ke4 Ba1 80. Kd3 Bb2 81. Rb7 Ba1 82. Kc2 Bg7 83. Rb8+ Kf7 84. Rb7+ Kg6 85.
Kd3 Kh7 86. Ke4 Kg8 87. Rb8+ Kh7 88. Kf5 Ba1 89. Rb7+ Kg8 90. Kg6 Kf8 91. Kf5
Bc3 92. Ke6 Ba1 93. Rf7+ Kg8 94. Ra7 Bb2 95. Ra2 Bc3 96. Rg2+ Kf8 97. Rc2 Ba1
98. Rc8+ Kg7 99. Ke7 Kh6 100. Rc1 Bb2 101. Rg1 Bd4 102. Rg4 Bb2 103. Kd6 Ba1
104. Kc5 Bb2 105. Kc4 Ba1 106. Kb3 Bf6 107. Kc2 1/2-1/2

[Event "DEM U12 2017"]
[Site "Willingen GER"]
[Date "2017.06.07"]
[Round "6"]
[White "von Krosigk, Florian"]
[Black "Haufe, Laurin"]
[Result "1-0"]
[Termination "normal"]
[Board "19"]
[WhiteElo "1627"]
[BlackElo "1665"]
[PlyCount "115"]
[WhiteFideId "16227808"]
[BlackFideId "12976504"]
[EventCountry "GER"]
[EventRounds "11"]
[EventType "swiss"]
[EventDate "2017.06.03"]

1. e4 c5 2. Nf3 d6 3. Bb5+ Bd7 4. Bxd7+ Qxd7 5. c4 Nc6 6. d4 cxd4 7. Nxd4 Nf6
8. Nc3 e6 9. O-O Be7 10. b3 Rc8 11. Ba3 a6 12. Rc1 O-O 13. f3 Rfd8 14. Na4 Qc7
15. Nxc6 bxc6 16. Re1 Qa7+ 17. Kf1 Kf8 18. Qe2 d5 19. Bxe7+ Kxe7 20. c5 dxe4
21. fxe4 Rd4 22. Red1 Rcd8 23. Rxd4 Rxd4 24. Nc3 Kf8 25. Qf2 Qd7 26. e5 Nh5 27.
g3 Rd2 28. Qf3 Qd3+ 29. Qxd3 Rxd3 30. Ke2 Rd7 31. Rd1 Ke7 32. Rd6 Rxd6 33.
cxd6+ Kd8 34. Kf3 g6 35. Ne4 Ng7 36. Nc5 Ne8 37. Nxa6 f6 38. Ke4 f5+ 39. Kf4 h6
40. Nb8 g5+ 41. Kf3 Ng7 42. Nxc6+ Kd7 43. Nb8+ Kc8 44. d7+ Kc7 45. a4 Nh5 46.
a5 f4 47. g4 Ng7 48. a6 h5 49. h3 hxg4+ 50. hxg4 Nh5 51. gxh5 g4+ 52. Kxg4 f3
53. Kxf3 Kd8 54. a7 Kc7 55. a8=Q Kb6 56. Qc6+ Ka7 57. Qa6+ Kxb8 58. d8=Q# 1-0

[Event "DEM U12 2017"]
[Site "Willingen GER"]
[Date "2017.06.07"]
[Round "6"]
[White "Frank, Marek"]
[Black "Chassard, Cedric"]
[Result "1/2-1/2"]
[Termination "normal"]
[Board "20"]
[WhiteElo "1639"]
[BlackElo "1290"]
[PlyCount "105"]
[WhiteFideId "16239520"]
[BlackFideId "16243536"]
[EventCountry "GER"]
[EventRounds "11"]
[EventType "swiss"]
[EventDate "2017.06.03"]

1. e4 e5 2. Nf3 Nc6 3. Bc4 Bc5 4. c3 Nf6 5. d3 d6 6. O-O Bg4 7. a4 a6 8. Be3
Ba7 9. Nbd2 O-O 10. b4 d5 11. exd5 Nxd5 12. Bxa7 Rxa7 13. Qb3 Nf4 14. Rfd1 Ra8
15. g3 Nh3+ 16. Kg2 Ng5 17. Nxg5 Qxg5 18. f3 Bd7 19. Ne4 Qe7 20. Re1 Bf5 21.
Bd5 Bxe4 22. Rxe4 Qd6 23. Rae1 Rae8 24. d4 Qh6 25. Bxc6 Qxc6 26. Rxe5 Rxe5 27.
Rxe5 Qh6 28. Qc2 Qc6 29. Qd3 Qxa4 30. Qc4 Qc2+ 31. Re2 Qd1 32. Re7 Qd2+ 33. Kg1
Qc1+ 34. Kg2 Qd2+ 35. Re2 Qd1 36. Re3 Qd2+ 37. Qe2 Qxe2+ 38. Rxe2 Rc8 39. f4
Kf8 40. Kf3 Rd8 41. g4 b6 42. Ke4 Re8+ 43. Kd3 Rxe2 44. Kxe2 Ke7 45. Ke3 g6 46.
d5 Kd6 47. Kd4 c5+ 48. dxc6 Kxc6 49. Kc4 f6 50. h4 b5+ 51. Kd4 Kd6 52. Ke4 Ke6
53. Kd4 1/2-1/2

[Event "DEM U12 2017"]
[Site "Willingen GER"]
[Date "2017.06.07"]
[Round "6"]
[White "Stillbauer, Jan"]
[Black "Danninger, Jannik"]
[Result "1/2-1/2"]
[Termination "normal"]
[Board "21"]
[WhiteElo "1658"]
[BlackElo "1642"]
[PlyCount "139"]
[WhiteFideId "16239393"]
[BlackFideId "16226402"]
[EventCountry "GER"]
[EventRounds "11"]
[EventType "swiss"]
[EventDate "2017.06.03"]

1. e4 c5 2. Nf3 d6 3. d4 cxd4 4. Nxd4 Nf6 5. Nc3 g6 6. Be3 Bg7 7. f3 Nc6 8. Qd2
O-O 9. Bc4 Bd7 10. O-O-O Rb8 11. Nxc6 bxc6 12. h4 h5 13. Bg5 Qb6 14. Na4 Qb7
15. e5 Nh7 16. Bxe7 Bxe5 17. b3 d5 18. Bxf8 dxc4 19. Qxd7 cxb3 20. axb3 Bf4+
21. Kb1 Nxf8 22. Qxb7 Rxb7 23. Nc5 Rb5 24. Nd3 Bh6 25. g4 c5 26. Ne5 Bg7 27.
Rd5 hxg4 28. fxg4 Ra5 29. b4 Rb5 30. Ka2 Rxb4 31. Rxc5 Ra4+ 32. Kb3 Re4 33. Nc6
Re3+ 34. Ka4 a6 35. Rb1 Nd7 36. Rd5 Bf8 37. Nb4 Nb6+ 38. Ka5 Nxd5 39. Nxd5 Ra3+
40. Kb6 Kg7 41. c4 Rg3 42. c5 Rxg4 43. c6 Bd6 44. Rh1 Rc4 45. Ra1 Rxh4 46. c7
Bxc7+ 47. Nxc7 g5 48. Nxa6 g4 49. Kc5 g3 50. Rg1 Rg4 51. Kd5 f6 52. Nc5 f5 53.
Ke5 Kg6 54. Ne6 Re4+ 55. Kd5 Kf6 56. Nc5 Re3 57. Kd4 f4 58. Ne4+ Kf5 59. Nxg3+
Rxg3 60. Rf1 Re3 61. Rg1 Re8 62. Kd3 f3 63. Kd2 Kf4 64. Rg7 Re2+ 65. Kd3 Re5
66. Rf7+ Rf5 67. Rxf5+ Kxf5 68. Ke3 Kg4 69. Kf2 Kf4 70. Kf1 1/2-1/2

[Event "DEM U12 2017"]
[Site "Willingen GER"]
[Date "2017.06.07"]
[Round "6"]
[White "Lauterbach, Kolja"]
[Black "Großmann, Piet"]
[Result "1/2-1/2"]
[Termination "normal"]
[Board "22"]
[WhiteElo "1358"]
[BlackElo "1608"]
[PlyCount "108"]
[WhiteFideId "16235916"]
[BlackFideId "16234359"]
[EventCountry "GER"]
[EventRounds "11"]
[EventType "swiss"]
[EventDate "2017.06.03"]

1. e4 e6 2. d4 d5 3. Nd2 dxe4 4. Nxe4 Bd7 5. Nf3 Bc6 6. Bd3 Nd7 7. O-O Ngf6 8.
Nxf6+ Nxf6 9. Re1 Bxf3 10. Qxf3 c6 11. c3 Be7 12. Bf4 Qd5 13. Qxd5 Nxd5 14. Be5
Bf6 15. Bxf6 Nxf6 16. Re3 O-O 17. g3 Rfd8 18. Bc4 Rac8 19. Bb3 c5 20. Rd1 cxd4
21. Red3 e5 22. cxd4 exd4 23. Rxd4 Rxd4 24. Rxd4 Kf8 25. Kg2 Re8 26. Rc4 Re7
27. Kf3 Ke8 28. Rc8+ Kd7 29. Rf8 h6 30. Rxf7 Rxf7 31. Bxf7 Ke7 32. Bc4 a6 33.
a4 Nd7 34. Ke4 Nc5+ 35. Ke5 Nxa4 36. b3 Nb6 37. Bd3 Nd7+ 38. Kf5 Nc5 39. Bc4 b5
40. Bd5 a5 41. Kg6 Kf8 42. f4 a4 43. bxa4 bxa4 44. f5 a3 45. f6 gxf6 46. Kxf6
Ne4+ 47. Kg6 Nd2 48. h4 Nf1 49. g4 Ne3 50. Bb3 Nxg4 51. Kh5 Nf6+ 52. Kxh6 Ng8+
53. Kg6 Ne7+ 54. Kf6 Nf5 1/2-1/2

[Event "DEM U12 2017"]
[Site "Willingen GER"]
[Date "2017.06.07"]
[Round "6"]
[White "Mainka, Alwin"]
[Black "Pixa, Karl"]
[Result "1-0"]
[Termination "normal"]
[Board "23"]
[WhiteElo "1579"]
[BlackElo "1496"]
[PlyCount "57"]
[WhiteFideId "16241177"]
[BlackFideId "16240480"]
[EventCountry "GER"]
[EventRounds "11"]
[EventType "swiss"]
[EventDate "2017.06.03"]

1. e4 c5 2. Nf3 d6 3. d4 cxd4 4. Nxd4 Nf6 5. Nc3 g6 6. f3 Bg7 7. Bc4 O-O 8. Be3
Nc6 9. Qd2 Bd7 10. O-O-O Rc8 11. Bb3 Ne5 12. Bh6 Nc4 13. Bxc4 Rxc4 14. Bxg7
Kxg7 15. g4 Qc7 16. h4 h5 17. g5 Nh7 18. f4 Rc5 19. Nd5 Qd8 20. f5 Bc6 21. fxg6
Bxd5 22. exd5 Kxg6 23. Qd3+ Kg7 24. Nf5+ Kh8 25. Qd4+ f6 26. g6 e5 27. g7+ Kg8
28. Qg1 Rxc2+ 29. Kb1 1-0

[Event "DEM U12 2017"]
[Site "Willingen GER"]
[Date "2017.06.07"]
[Round "6"]
[White "Gluma, Christian"]
[Black "Rashba, David"]
[Result "1-0"]
[Termination "normal"]
[Board "24"]
[WhiteElo "1691"]
[BlackElo "1508"]
[PlyCount "75"]
[WhiteFideId "16223209"]
[BlackFideId "16205499"]
[EventCountry "GER"]
[EventRounds "11"]
[EventType "swiss"]
[EventDate "2017.06.03"]

1. e4 c6 2. Nf3 d5 3. exd5 cxd5 4. Ne5 e6 5. Bb5+ Bd7 6. Nxd7 Nxd7 7. O-O Ngf6
8. d4 Be7 9. c3 O-O 10. Nd2 Rc8 11. Re1 Nb6 12. Qe2 Qc7 13. Bd3 Bd6 14. h3 Rfe8
15. Nf3 Be7 16. Ne5 Nbd7 17. f4 Nxe5 18. fxe5 Nd7 19. Qg4 g6 20. Bf4 Bf8 21.
Rf1 Bg7 22. Bg5 a6 23. Rf2 Nb6 24. Raf1 Rf8 25. Qh4 Rce8 26. Qg3 Nc8 27. Qe3
Nb6 28. h4 h5 29. Bf6 Nc8 30. Qg5 Qd7 31. Rf3 Na7 32. Rg3 Nc6 33. Qxh5 Na7 34.
Qg5 Nc6 35. h5 Bh8 36. Qh6 Bxf6 37. exf6 Qd6 38. Qg7# 1-0

[Event "DEM U12 2017"]
[Site "Willingen GER"]
[Date "2017.06.07"]
[Round "6"]
[White "Stepanov, Maximilian"]
[Black "Wildermuth, Nikolas Karl"]
[Result "1-0"]
[Termination "normal"]
[Board "25"]
[WhiteElo "1609"]
[BlackElo "1422"]
[PlyCount "107"]
[WhiteFideId "16244680"]
[BlackFideId "16244699"]
[EventCountry "GER"]
[EventRounds "11"]
[EventType "swiss"]
[EventDate "2017.06.03"]

1. d4 Nf6 2. c4 e6 3. Nf3 b6 4. Bf4 Bb7 5. Nbd2 d6 6. e3 Nbd7 7. Be2 Be7 8. a3
c5 9. dxc5 Nxc5 10. O-O O-O 11. h3 Rc8 12. Bh2 Nfe4 13. Rb1 Qc7 14. Nd4 a6 15.
f3 Nxd2 16. Qxd2 Rfd8 17. e4 Bf6 18. Nc2 Nb3 19. Qe3 Qc5 20. Rfd1 Qxe3+ 21.
Nxe3 Be7 22. Bd3 Bf6 23. Ng4 Bd4+ 24. Kh1 Nc5 25. Bc2 e5 26. Bg1 Bxg1 27. Kxg1
Ne6 28. Bd3 Nd4 29. Ne3 g6 30. Nd5 Bxd5 31. cxd5 b5 32. Rdc1 Nb3 33. Rc3 Rxc3
34. bxc3 Nc5 35. Be2 Kf8 36. c4 bxc4 37. Bxc4 a5 38. Rb6 Ke7 39. Bb5 Rc8 40. a4
Rc7 41. Rb8 Rb7 42. Ra8 Nb3 43. Bc4 Nc5 44. Rxa5 Rb4 45. Bb5 Kd8 46. Ra7 f5 47.
exf5 gxf5 48. Bc6 Rb6 49. Rxh7 Ra6 50. Rh6 Kc7 51. Rh7+ Kb6 52. h4 Nxa4 53.
Rb7+ Kc5 54. h5 1-0

[Event "DEM U12 2017"]
[Site "Willingen GER"]
[Date "2017.06.07"]
[Round "6"]
[White "Reindl, Jork"]
[Black "Ljuca, Rijad"]
[Result "1-0"]
[Termination "normal"]
[Board "26"]
[WhiteElo "1461"]
[BlackElo "1436"]
[PlyCount "80"]
[WhiteFideId "16200152"]
[BlackFideId "16216121"]
[EventCountry "GER"]
[EventRounds "11"]
[EventType "swiss"]
[EventDate "2017.06.03"]

1. e4 d5 2. exd5 Nf6 3. d4 Bg4 4. Nf3 Qxd5 5. Nc3 Qd7 6. Be3 e6 7. a3 Nc6 8.
Be2 O-O-O 9. Ne5 Nxe5 10. dxe5 Bxe2 11. Qxe2 Nd5 12. Rd1 Nxc3 13. Rxd7 Nxe2 14.
Rxd8+ Kxd8 15. Kxe2 Be7 16. Rd1+ Kc8 17. Rd3 Rd8 18. Rxd8+ Kxd8 19. Kd3 Kd7 20.
a4 Kc6 21. c4 Bc5 22. Bxc5 Kxc5 23. Kc3 a5 24. f3 f5 25. f4 h6 26. h3 g5 27.
fxg5 hxg5 28. g4 f4 29. b3 f3 30. Kd3 Kb4 31. Ke3 Kxb3 32. h4 gxh4 33. g5 h3
34. Kxf3 Kxa4 35. g6 Kb3 36. g7 a4 37. g8=Q a3 38. Qxe6 a2 39. c5+ Kb2 40.
Qxa2+ Kxa2 1-0